LDR 00873naa#a2200169#i#450# 001 RU\\bibl\126839 005 20260701033654.3 011 ## _a2782-4926 100 ## _a20260630b2026####ek#y0rusy0150####ca 102 ## _aRU 200 1# _a«РЫБАЧКИ» ВЛАДИМИРА ЕГОРОВИЧА МАКОВСКОГО. МАЙЕВТИЧЕСКИЙ ПОТЕНЦИАЛ _eЖурнальная статья 210 1# _aКрасноярск _cКрасноярская региональная общественная организация Содружество просветителей Красноярья _d2026 215 ## _a9 с. 608 ## _aЖурнальная статья _2local 675 ## _aНародность в живописи. Социальное значение живописи. 75.011.2 _z 700 #1 _aСмолина _gМайя Гавриловна 856 4# _asiberianart-journal.ru _u